[Event "Bad Zwesten op 3rd"]
[Site "Bad Zwesten"]
[Date "1999.01.03"]
[Round "2"]
[White "Sokolov, Ewgeni"]
[Black "Hagenauer, Joerg"]
[Result "1-0"]
[WhiteElo "2360"]
[BlackElo "2111"]
[PlyCount "74"]
[EventDate "1999.01.??"]
[Source "ChessBase"]
[SourceDate "1999.03.01"]

1. d4 d5 2. Nc3 Nf6 3. Bg5 e6 4. e4 Be7 5. Bxf6 Bxf6 6. Nf3 c6 7. Bd3 Nd7 8. O-O O-O 9. Re1 g6 10. e5 Bg7 11. Ne2 b6 12. Ng3 Bb7 13. h4 Qe7 14. h5 Bh6 15. Nh2 Qh4 16. Ng4 Bg5 17. c3 Rfc8 18. Nh2 Bh6 19. Qf3 Rc7 20. Ng4 Bg5 21. Ne2 gxh5 22. Ne3 Bh6 23. Ng3 Qf4 24. Qxh5 Nf8 25. Ng4 Bg7 26. Re3 h6 27. Qh3 Qg5 28. f4 Qxf4 29. Nh5 Qg5 30. Ngf6+ Kh8 31. Rg3 Bxf6 32. Nxf6 Kg7 33. Rxg5+ hxg5 34. Qh5 Rac8 35. Qxg5+ Ng6 36. Nh5+ Kf8 37. Bxg6 fxg6 1-0

[Event "BL2-N9697"]
[Site "Germany"]
[Date "1996.??.??"]
[Round "?"]
[White "Hartwig, Maik"]
[Black "Albrecht, Rainer"]
[Result "1/2-1/2"]
[WhiteElo "2195"]
[BlackElo "2270"]
[PlyCount "41"]
[EventDate "1996.??.??"]
[Source "www.chesslib.no"]
[SourceDate "2004.05.04"]

1. d4 Nf6 2. Nc3 d5 3. e4 e6 4. Bg5 Be7 5. e5 Ng8 6. Bxe7 Nxe7 7. Bd3 b6 8. Qg4 g6 9. Nf3 Ba6 10. Bxa6 Nxa6 11. Qf4 Nf5 12. g4 Nh4 13. Nxh4 Qxh4 14. O-O-O Qe7 15. g5 O-O-O 16. h4 h5 17. gxh6 Qf8 18. h5 Qxh6 19. Qxh6 Rxh6 20. hxg6 Rxg6 21. Rh7 1/2-1/2

[Event "Mittelfranken"]
[Site "GER"]
[Date "1985.??.??"]
[Round "?"]
[White "Roeder, Frank"]
[Black "Fischer, H."]
[Result "1/2-1/2"]
[WhiteElo "2250"]
[BlackElo "2200"]
[PlyCount "29"]
[EventDate "1985.??.??"]
[Source "www.chesslib.no"]
[SourceDate "2004.05.04"]

1. e4 Nf6 2. Nc3 e6 3. d4 d5 4. Bg5 Be7 5. Bxf6 Bxf6 6. Nf3 c5 7. exd5 exd5 8. Bb5+ Nc6 9. Ne5 O-O 10. Nxc6 bxc6 11. Bxc6 Ba6 12. Qd2 Rc8 13. Ba4 cxd4 14. Ne2 Qe7 15. Kd1 1/2-1/2

[Event "BL 9899 (Women)"]
[Site "Germany"]
[Date "1998.12.06"]
[Round "6.2"]
[White "Juergens, Vera"]
[Black "Gempe, Anet"]
[Result "1-0"]
[WhiteElo "2320"]
[BlackElo "2130"]
[PlyCount "99"]
[EventDate "1998.10.??"]
[Source "ChessBase"]
[SourceDate "1999.07.01"]

1. d4 d5 2. Nc3 e6 3. e4 Nf6 4. Bg5 Be7 5. Bxf6 Bxf6 6. Nf3 O-O 7. Qd2 c6 8. e5 Be7 9. Bd3 Nd7 10. Ne2 Re8 11. h4 Nf8 12. Qf4 b5 13. Ng3 Bd7 14. Nh5 f5 15. exf6 Bxf6 16. Ne5 Bxe5 17. Qxe5 Re7 18. Rh3 Be8 19. O-O-O Qc7 20. Nf4 Qxe5 21. dxe5 c5 22. Be2 a6 23. Bg4 Bf7 24. h5 Rc7 25. Re3 Rb8 26. Nh3 Rb6 27. f4 d4 28. Red3 Be8 29. Ng5 h6 30. Ne4 Bd7 31. c3 dxc3 32. bxc3 c4 33. Rd6 Rxd6 34. Rxd6 a5 35. Ra6 Bc6 36. Nd6 b4 37. Rxa5 Bxg2 38. cxb4 Bd5 39. Kc2 Nd7 40. Kc3 Kh7 41. Be2 Nb6 42. Ra6 Nd7 43. Bxc4 g5 44. hxg6+ Kxg6 45. Kd4 Bxc4 46. Nxc4 Kf5 47. Ne3+ Kxf4 48. Rxe6 Kg5 49. Re7 h5 50. Nd5 1-0

[Event "CRO-chT"]
[Site "Porec"]
[Date "1998.09.13"]
[Round "7"]
[White "Titova Boric, Elena"]
[Black "Macek, Vlasta"]
[Result "1-0"]
[WhiteElo "2220"]
[BlackElo "2225"]
[PlyCount "59"]
[EventDate "1998.09.??"]
[Source "www.chesslib.no"]
[SourceDate "2004.05.04"]

1. e4 e6 2. d4 d5 3. Nc3 Nf6 4. Bg5 Be7 5. exd5 Nxd5 6. Bxe7 Qxe7 7. Qd2 Nd7 8. Nf3 N7f6 9. Bd3 h6 10. O-O-O Bd7 11. Rhe1 O-O-O 12. Nxd5 Nxd5 13. Qa5 c6 14. Qxa7 f6 15. Nd2 Kc7 16. Qa5+ Kb8 17. Nc4 Bc8 18. a3 g5 19. Nb6 Nxb6 20. Qxb6 Qd6 21. Bc4 Qf4+ 22. Rd2 Qxh2 23. g3 Qh3 24. Rde2 Rde8 25. d5 Qg4 26. Re4 Qf5 27. dxc6 Rh7 28. Bxe6 Bxe6 29. Rxe6 Rc8 30. Re7 1-0

[Event "BEL-chT 0102"]
[Site "?"]
[Date "2002.10.16"]
[Round "11"]
[White "Van Schaardenburg Mark"]
[Black "Tiggelman Rene"]
[Result "1-0"]
[WhiteElo "2269"]
[BlackElo "2165"]
[PlyCount "80"]
[EventDate "2002.??.??"]
[Source "www.chesslib.no"]
[SourceDate "2004.05.04"]

1. e4 e6 2. Nc3 d5 3. d4 Nf6 4. Bg5 Be7 5. Bxf6 Bxf6 6. Nf3 Nc6 7. e5 Be7 8. Qd2 f6 9. Bb5 Bd7 10. O-O O-O 11. Rfe1 f5 12. a3 a6 13. Bf1 Be8 14. Ne2 Bh5 15. Qd3 Na5 16. Nf4 Bf7 17. Nd2 g5 18. Ne2 Be8 19. c4 c5 20. Qc3 Rc8 21. cxd5 cxd4 22. Qxd4 Bc5 23. Qd3 Bb5 24. Qf3 f4 25. Qg4 Bxf2+ 26. Kh1 exd5 27. Red1 Qe7 28. Nf3 Bd7 29. Qxg5+ Qxg5 30. Nxg5 Nb3 31. Ra2 Bg4 32. Nf3 Rfd8 33. Nxf4 d4 34. h3 Bxf3 35. gxf3 Rf8 36. Nd3 Rxf3 37. Bg2 Rff8 38. Bd5+ Kg7 39. Bxb3 Rf3 40. Bd5 Re3 1-0

[Event "White Nights op"]
[Site "St Petersburg"]
[Date "2000.06.28"]
[Round "5"]
[White "Malinin, Vasily B"]
[Black "Bashkirov, Valentin"]
[Result "1-0"]
[WhiteElo "2338"]
[BlackElo "2094"]
[PlyCount "49"]
[EventDate "2000.06.23"]
[Source "ChessBase"]
[SourceDate "2000.07.11"]

1. d4 e6 2. e4 d5 3. Nc3 Nf6 4. Bg5 Be7 5. e5 Ne4 6. Bxe7 Nxc3 7. Qg4 Qxe7 8. bxc3 Qa3 9. Kd2 Qb2 10. Qxg7 Qxa1 11. Qxh8+ Kd7 12. Nf3 Qxa2 13. Ng5 c5 14. Nxf7 Qa5 15. Nd6 Nc6 16. Qxh7+ Ne7 17. Bb5+ Kd8 18. Qh8+ Kc7 19. Qg7 cxd4 20. Qxe7+ Kb8 21. Bd3 dxc3+ 22. Ke2 d4 23. Rb1 Qxe5+ 24. Be4 b6 25. Qd8 1-0

[Event "Skopje ol (Men)"]
[Site "Skopje MKD"]
[Date "1972.??.??"]
[Round "3"]
[White "Joensen"]
[Black "Kchouk, Bechir"]
[Result "1/2-1/2"]
[WhiteElo "2200"]
[BlackElo "2200"]
[PlyCount "49"]
[EventDate "1972.09.??"]
[Source "www.chesslib.no"]
[SourceDate "2004.05.04"]

1. e4 e6 2. d4 d5 3. Nc3 Nf6 4. Bg5 Be7 5. Nf3 Nxe4 6. Bxe7 Qxe7 7. Nxe4 dxe4 8. Nd2 f5 9. Bc4 c6 10. c3 Nd7 11. Qe2 Nb6 12. f3 exf3 13. Nxf3 Nd5 14. Bxd5 exd5 15. Qxe7+ Kxe7 16. Ne5 Be6 17. Kf2 Kd6 18. b4 g5 19. h4 h6 20. Rae1 Rae8 21. Nf3 g4 22. Ne5 Rhg8 23. Kg3 b6 24. Nd3 Rgf8 25. Kf4 1/2-1/2

[Event "Oberliga Nord N 9899"]
[Site "?"]
[Date "1999.??.??"]
[Round "?"]
[White "Lindinger Markus"]
[Black "Newton Robert"]
[Result "0-1"]
[WhiteElo "2290"]
[BlackElo "2110"]
[PlyCount "112"]
[EventDate "1999.??.??"]
[Source "www.chesslib.no"]
[SourceDate "2004.05.04"]

1. d4 e6 2. e4 d5 3. Nc3 Nf6 4. Bg5 Be7 5. e5 Ng8 6. Be3 b6 7. Qg4 g6 8. O-O-O Ba6 9. Nge2 Nc6 10. f4 h5 11. Qf3 Nh6 12. g3 Qd7 13. h3 Nf5 14. Bf2 O-O-O 15. g4 Ng7 16. Bg2 Na5 17. Kb1 Kb8 18. Nc1 Nc4 19. Nb3 Bb7 20. Nd2 Na5 21. Ne2 Qa4 22. Nc1 Rc8 23. Ncb3 c5 24. Nxa5 Qxa5 25. dxc5 bxc5 26. Rhe1 c4 27. Bd4 Rc6 28. Re3 Ka8 29. Qe2 Bb4 30. a3 Be7 31. Bc3 Qa4 32. Nf3 hxg4 33. hxg4 Rhc8 34. Kc1 Ne8 35. Nd4 Rb6 36. Rh3 Nc7 37. Rh7 Rf8 38. Rdh1 Qe8 39. Ba5 Nb5 40. Bxb6 axb6 41. Nxb5 Qxb5 42. Rh8 Qc5 43. Rxf8+ Bxf8 44. c3 Ka7 45. Qd2 Bc6 46. Qd4 Qb5 47. Rh7 Be8 48. f5 Qb3 49. fxe6 Ba4 50. Qd2 Qa2 51. Qxd5 Qa1+ 52. Kd2 Qxb2+ 53. Ke3 Bc5+ 54. Kf4 Qf2+ 55. Qf3 Be3+ 56. Ke4 Bc6# 0-1

[Event "Mittelfranken"]
[Site "GER"]
[Date "1985.??.??"]
[Round "?"]
[White "Roeder, Gerd"]
[Black "Fischer, H."]
[Result "1/2-1/2"]
[WhiteElo "2200"]
[BlackElo "2200"]
[PlyCount "22"]
[EventDate "1985.??.??"]
[Source "www.chesslib.no"]
[SourceDate "2004.05.04"]

1. e4 Nf6 2. Nc3 e6 3. d4 d5 4. Bg5 Be7 5. Bxf6 Bxf6 6. e5 Be7 7. Qg4 g6 8. h4 h5 9. Qf4 c5 10. Nf3 cxd4 11. Nxd4 Nc6 1/2-1/2

[Event "10th TCh-Euro sen"]
[Site "Dresden GER"]
[Date "2008.02.18"]
[Round "8"]
[White "Svensson, L."]
[Black "Grabov, S."]
[Result "1-0"]
[WhiteElo "2179"]
[BlackElo "2214"]
[PlyCount "95"]
[EventDate "2008.02.11"]
[Source "www.chesslib.no"]
[SourceDate "2004.05.04"]

1. d4 d5 2. Nc3 Nf6 3. Bg5 e6 4. e4 Be7 5. e5 Ng8 6. Be3 b6 7. Qd2 Ba6 8. O-O-O Qd7 9. f4 g6 10. h3 h5 11. Nf3 Bxf1 12. Rdxf1 Nc6 13. g4 O-O-O 14. f5 gxf5 15. gxf5 f6 16. fxe6 Qxe6 17. exf6 Bxf6 18. Ng5 Bxg5 19. Bxg5 Re8 20. Re1 Qd7 21. Rxe8+ Qxe8 22. Re1 Qf7 23. Qe3 Kb7 24. Qe6 Rh7 25. Nxd5 Qxe6 26. Rxe6 Nxd4 27. Rg6 Rd7 28. c4 c6 29. Nf4 Ne7 30. Rg7 Ndf5 31. Rh7 Kc8 32. Bxe7 Rxe7 33. Rxe7 Nxe7 34. Nxh5 Kd7 35. Kd2 Ke6 36. Ng3 Ng6 37. Ke3 Ke5 38. Ne2 Nh4 39. Nd4 Ng2+ 40. Kf2 Nf4 41. Nxc6+ Kd6 42. Nxa7 Nxh3+ 43. Ke3 Kc5 44. b3 Ng5 45. Nb5 Nf7 46. Kd3 Ne5+ 47. Kc3 Nf3 48. b4+ 1-0

[Event "Rudenko Memorial"]
[Site "?"]
[Date "2005.08.27"]
[Round "8"]
[White "Akatova Ekaterina"]
[Black "Lupik Marina"]
[Result "0-1"]
[WhiteElo "2150"]
[BlackElo "2200"]
[PlyCount "72"]
[EventDate "2005.??.??"]
[Source "www.chesslib.no"]
[SourceDate "2004.05.04"]

1. d4 d5 2. Nc3 e6 3. e4 Nf6 4. Bg5 Be7 5. Bxf6 Bxf6 6. Nf3 O-O 7. Bd3 dxe4 8. Nxe4 Bxd4 9. Nxd4 Qxd4 10. c3 Qd5 11. Qe2 Nd7 12. Rd1 Qe5 13. O-O Nf6 14. f4 Qf5 15. g4 Qxg4+ 16. Qxg4 Nxg4 17. Rf3 f5 18. Ng3 e5 19. Bc4+ Kh8 20. Rfd3 b6 21. h3 exf4 22. Rd8 Bb7 23. Rxa8 Bxa8 24. hxg4 fxg3 25. gxf5 h5 26. Rd3 Be4 27. Rxg3 Bxf5 28. Re3 Rd8 29. Re7 Rd7 30. Re5 g6 31. Kf2 Kg7 32. Kg3 Kf6 33. Re8 Re7 34. Ra8 h4+ 35. Kf2 a5 36. Rh8 Kg5 0-1

[Event "FEFB-ch Elite"]
[Site "?"]
[Date "2000.06.10"]
[Round "5"]
[White "Fontaine Pierre"]
[Black "Piacentini Claudio"]
[Result "1-0"]
[WhiteElo "2159"]
[BlackElo "2184"]
[PlyCount "59"]
[EventDate "2000.??.??"]
[Source "www.chesslib.no"]
[SourceDate "2004.05.04"]

1. e4 e6 2. d4 d5 3. Nc3 Nf6 4. Bg5 Be7 5. e5 Nfd7 6. Be3 c5 7. Qg4 Kf8 8. O-O-O Nc6 9. f4 g6 10. Qh3 h5 11. g4 Kg7 12. Nf3 Qa5 13. Rg1 cxd4 14. Nxd4 hxg4 15. Qxg4 Nxd4 16. Bxd4 b5 17. f5 exf5 18. Qxf5 Kf8 19. Qf3 Nb6 20. e6 Rh7 21. Rxg6 b4 22. Bd3 Bxe6 23. Rxe6 bxc3 24. Bxc3 Qxa2 25. Rxe7 d4 26. Bb4 Qa1+ 27. Kd2 Qxb2 28. Rxf7+ Ke8 29. Re1+ Kd8 30. Qf6+ 1-0

[Event "Bled ol (Men)"]
[Site "?"]
[Date "2002.10.28"]
[Round "3"]
[White "Barrios Ramon"]
[Black "Li Ying Patrick"]
[Result "1/2-1/2"]
[WhiteElo "2268"]
[BlackElo "2071"]
[PlyCount "36"]
[EventDate "2002.??.??"]
[Source "www.chesslib.no"]
[SourceDate "2004.05.04"]

1. d4 Nf6 2. Nc3 e6 3. Bg5 d5 4. e4 Be7 5. Bxf6 Bxf6 6. Nf3 O-O 7. e5 Be7 8. Bd3 c5 9. dxc5 Bxc5 10. O-O Nc6 11. Qd2 Be7 12. a3 a6 13. Rfe1 Bd7 14. Ne2 f6 15. Ng3 fxe5 16. Nxe5 Bc5 17. Nf3 Qf6 18. Nh5 Qe7 1/2-1/2

[Event "Oberliga Sued W 0102"]
[Site "?"]
[Date "2001.11.25"]
[Round "?"]
[White "Strassner Andreas"]
[Black "Sterk Guenther"]
[Result "1-0"]
[WhiteElo "2129"]
[BlackElo "2210"]
[PlyCount "79"]
[EventDate "2001.??.??"]
[Source "www.chesslib.no"]
[SourceDate "2004.05.04"]

1. e4 e6 2. d4 d5 3. Nc3 Nf6 4. Bg5 Be7 5. Bd3 dxe4 6. Nxe4 Nxe4 7. Bxe7 Qxe7 8. Bxe4 Qb4+ 9. c3 Qxb2 10. Ne2 c6 11. O-O Nd7 12. Bf3 Qa3 13. c4 Nf6 14. Qc2 O-O 15. Rfd1 Bd7 16. Rab1 Rab8 17. Rd3 Qd6 18. c5 Qc7 19. Qa4 e5 20. Ng3 exd4 21. Qxa7 Qe5 22. Rbd1 Be6 23. Rxd4 Nd5 24. Qa5 Ra8 25. Qd2 Nf6 26. a4 Qxc5 27. Qb2 Rab8 28. Rb4 Qa7 29. Rb1 Nd5 30. Bxd5 cxd5 31. Nh5 f6 32. Rxb7 Rxb7 33. Qxb7 Qxb7 34. Rxb7 Bf7 35. Nf4 g5 36. Ne2 Ra8 37. Rb4 Ra5 38. Nd4 Be8 39. Nf5 Bxa4 40. f3 1-0

[Event "CSR Team Ch"]
[Site "Czekhoslovakia"]
[Date "1992.??.??"]
[Round "?"]
[White "Medunova, Vera"]
[Black "Sykora, Robert"]
[Result "1-0"]
[WhiteElo "2065"]
[BlackElo "2265"]
[PlyCount "61"]
[EventDate "1992.??.??"]
[Source "www.chesslib.no"]
[SourceDate "2004.05.04"]

1. e4 e6 2. d4 d5 3. Nc3 Nf6 4. Bg5 Be7 5. Qd3 Nxe4 6. Bxe7 Qxe7 7. Nxe4 dxe4 8. Qb3 Nc6 9. O-O-O O-O 10. a3 b6 11. Qe3 f5 12. f3 e5 13. dxe5 Nxe5 14. fxe4 fxe4 15. Qxe4 Bf5 16. Qe3 Rae8 17. Qc3 Ng4 18. Nf3 Qe3+ 19. Qxe3 Nxe3 20. Rd2 c5 21. Bb5 Re4 22. Re1 Bg4 23. Rde2 Nxg2 24. Rxe4 Bxf3 25. Re8 Rxe8 26. Rxe8+ Kf7 27. Rc8 h5 28. Rc7+ Kf6 29. Be8 Nf4 30. Rf7+ Ke5 31. Rxg7 1-0

[Event "Ch Hungary team"]
[Site "?"]
[Date "2000.??.??"]
[Round "1"]
[White "Lodi Laszlo"]
[Black "Percze Janos"]
[Result "0-1"]
[WhiteElo "2054"]
[BlackElo "2241"]
[PlyCount "82"]
[EventDate "2000.??.??"]
[Source "www.chesslib.no"]
[SourceDate "2004.05.04"]

1. d4 Nf6 2. Nc3 d5 3. Bg5 e6 4. e4 Be7 5. Bxf6 Bxf6 6. e5 Be7 7. Bd3 c5 8. Nf3 cxd4 9. Nxd4 Nc6 10. Nxc6 bxc6 11. Qg4 g6 12. h4 Qb6 13. Rb1 Qb4 14. Qxb4 Bxb4 15. a3 Ba5 16. b4 Bc7 17. f4 f6 18. b5 Ba5 19. Rb3 c5 20. Be2 c4 21. Rb4 fxe5 22. fxe5 Bd7 23. O-O Bxb4 24. axb4 Rb8 25. Ra1 Rb7 26. b6 Ke7 27. Bg4 Ra8 28. Rxa7 Raxa7 29. bxa7 Rxa7 30. Ne2 c3 31. Kf2 Ra4 32. Nxc3 Rxb4 33. Be2 Rxh4 34. g4 g5 35. Kg3 Be8 36. Bf3 h5 37. Ne2 hxg4 38. Bxg4 Bh5 39. Bxh5 Rxh5 40. Kg4 Rh2 41. Nd4 Rh4+ 0-1

[Event "Cali"]
[Site "?"]
[Date "2005.10.20"]
[Round "8"]
[White "Valdes Rances"]
[Black "Osorio Cristian"]
[Result "1-0"]
[WhiteElo "2101"]
[BlackElo "2189"]
[PlyCount "85"]
[EventDate "2005.??.??"]
[Source "www.chesslib.no"]
[SourceDate "2004.05.04"]

1. d4 Nf6 2. Bg5 e6 3. e4 d5 4. Nc3 Be7 5. Bxf6 Bxf6 6. Nf3 c6 7. Be2 Qb6 8. Rb1 O-O 9. O-O Nd7 10. Re1 g6 11. Bf1 Bg7 12. a3 a5 13. h4 h6 14. e5 c5 15. Ne2 cxd4 16. Nexd4 Nc5 17. c3 Bd7 18. Bd3 Nxd3 19. Qxd3 Qa6 20. Qd2 b5 21. Nh2 Qc8 22. Ng4 Kh7 23. Qf4 Qd8 24. Nf3 Rc8 25. Rbd1 Rc4 26. Rd4 Qc7 27. Qd2 b4 28. axb4 axb4 29. Nf6+ Bxf6 30. exf6 bxc3 31. bxc3 Rxd4 32. cxd4 Rc8 33. Ne5 Qd8 34. Ra1 Rc7 35. Qxh6+ Kxh6 36. Nxf7+ Kh7 37. Nxd8 Bc8 38. Re1 Rc4 39. Nxe6 Bxe6 40. Rxe6 Rxd4 41. g3 Rd1+ 42. Kg2 d4 43. Re8 1-0

[Event "EU-ch Railways USIC 14th "]
[Site "?"]
[Date "1996.05.21"]
[Round "2.2"]
[White "Trescher Manfred"]
[Black "Krennmair Rudolf"]
[Result "1-0"]
[WhiteElo "2159"]
[BlackElo "2126"]
[PlyCount "73"]
[EventDate "1996.??.??"]
[Source "www.chesslib.no"]
[SourceDate "2004.05.04"]

1. d4 Nf6 2. Nc3 e6 3. e4 d5 4. Bg5 Be7 5. e5 Ng8 6. Be3 f5 7. f4 Nd7 8. g4 Bh4+ 9. Kd2 g6 10. gxf5 exf5 11. Nf3 Nb6 12. Nxh4 Qxh4 13. Qf3 Be6 14. b3 a6 15. Bf2 Qh6 16. h4 Ne7 17. Bd3 Nd7 18. h5 Qf8 19. hxg6 hxg6 20. Rxh8 Qxh8 21. Rh1 Qg8 22. Ne2 O-O-O 23. Bh4 Re8 24. Rh3 Qf7 25. Bg5 Kb8 26. Qh1 Nf8 27. Ng1 Bd7 28. Nf3 Rc8 29. Rh8 Ng8 30. c3 Be6 31. Qh4 Qe8 32. Bf6 Nd7 33. Qh7 c5 34. Qg7 c4 35. bxc4 dxc4 36. Bc2 Rc7 37. Rh7 1-0

[Event "Cannes Open"]
[Site "Cannes FRA"]
[Date "1990.??.??"]
[Round "2"]
[White "Bernard, Christophe"]
[Black "Goldgewicht, Lionel"]
[Result "1-0"]
[WhiteElo "2340"]
[BlackElo "1930"]
[PlyCount "75"]
[EventDate "1990.02.??"]
[Source "www.chesslib.no"]
[SourceDate "2004.05.04"]

1. d4 e6 2. e4 d5 3. Nc3 Nf6 4. Bg5 Be7 5. e5 Ne4 6. Bxe7 Qxe7 7. Nxe4 dxe4 8. Qe2 b6 9. O-O-O Bb7 10. g3 c5 11. Bg2 cxd4 12. Bxe4 Nc6 13. f4 O-O-O 14. Nf3 Rd7 15. Kb1 Qc5 16. Rd2 Na5 17. Bxb7+ Kxb7 18. Qe4+ Qc6 19. Qxc6+ Nxc6 20. Rhd1 Rhd8 21. c3 Kc7 22. Nxd4 Nxd4 23. Rxd4 Rxd4 24. Rxd4 Re8 25. Kc2 Kc6 26. Kd3 Re7 27. Rc4+ Kb7 28. Ke4 Rd7 29. Rd4 Re7 30. g4 Kc7 31. Rd3 h6 32. f5 f6 33. exf6 gxf6 34. Rd2 e5 35. Rd3 Rg7 36. Rg3 Kc6 37. h4 h5 38. g5 1-0

[Event "Cardiff"]
[Site "?"]
[Date "2004.04.10"]
[Round "3.11"]
[White "Sully David John"]
[Black "Roberts David L"]
[Result "1/2-1/2"]
[WhiteElo "2119"]
[BlackElo "2139"]
[PlyCount "86"]
[EventDate "2004.??.??"]
[Source "www.chesslib.no"]
[SourceDate "2004.05.04"]

1. d4 Nf6 2. Nc3 d5 3. Bg5 e6 4. e4 Be7 5. e5 Ng8 6. Be3 b6 7. f4 g6 8. Nf3 h5 9. g3 Nh6 10. h3 Nf5 11. Bf2 Ba6 12. Bxa6 Nxa6 13. Qe2 Nb4 14. a3 Nc6 15. O-O-O Qd7 16. g4 Ng7 17. Bh4 O-O-O 18. Bf6 Bxf6 19. exf6 Ne8 20. Ne5 Nxe5 21. fxe5 c6 22. g5 Qb7 23. h4 Nc7 24. Rh3 Kb8 25. Na2 Rc8 26. Kb1 Rhd8 27. Nb4 a5 28. Na2 Ka8 29. Rb3 Qa7 30. a4 Na6 31. c4 dxc4 32. Qxc4 Nb8 33. Re3 Qa6 34. Qxa6+ Nxa6 35. Nc3 Nb4 36. Ne4 c5 37. Nd6 cxd4 38. Rxd4 Rc5 39. Rd1 Rd7 40. Rc1 Rd5 41. b3 Rd3 42. Rc3 Rd1+ 43. Rc1 Rd3 1/2-1/2

[Event "Edinburgh ECC 4th"]
[Site "Edinburgh SCO"]
[Date "1996.??.??"]
[Round "1"]
[White "Mather, Walter"]
[Black "Robertson, Ian C"]
[Result "0-1"]
[WhiteElo "2010"]
[BlackElo "2200"]
[PlyCount "90"]
[EventDate "1996.??.??"]
[Source "www.chesslib.no"]
[SourceDate "2004.05.04"]

1. d4 Nf6 2. Nc3 d5 3. Bg5 e6 4. e4 Be7 5. Bxf6 Bxf6 6. Nf3 b6 7. Bb5+ c6 8. Bd3 Ba6 9. Qe2 Bxd3 10. Qxd3 Nd7 11. exd5 cxd5 12. O-O O-O 13. Ne2 Qc7 14. Ng3 a6 15. c3 b5 16. Rfe1 Rab8 17. Rac1 Qd6 18. Nh5 Bd8 19. Ne5 Nf6 20. Nxf6+ Bxf6 21. Re3 g6 22. Rce1 b4 23. cxb4 Rxb4 24. b3 Rb7 25. Rc1 Rb6 26. Re2 a5 27. f4 Bxe5 28. fxe5 Qb4 29. Rec2 a4 30. bxa4 Qxa4 31. Kf2 Rb4 32. Ke3 Qa7 33. Qd2 Qe7 34. Kd3 Rb7 35. Rc5 Qh4 36. Qe3 Qxh2 37. Rc8 Rb8 38. Rxf8+ Rxf8 39. Qg5 h6 40. Qg4 Ra8 41. Qe2 Ra3+ 42. Kd2 Rxa2+ 43. Rc2 Qf4+ 44. Kd3 Qf5+ 45. Kc3 Rxc2+ 0-1

[Event "DDR-ch (Women)"]
[Site "Fuerstenwalde"]
[Date "1981.??.??"]
[Round "6"]
[White "Starck, Ines"]
[Black "Wolff, H."]
[Result "1-0"]
[WhiteElo "2200"]
[BlackElo "2000"]
[PlyCount "59"]
[EventDate "1981.02.??"]
[Source "ChessBase"]

1. e4 e6 2. d4 d5 3. Nc3 Nf6 4. Bg5 Be7 5. e5 Nfd7 6. Bxe7 Kxe7 7. Qg4 Qf8 8. f4 Nc6 9. Nf3 Kd8 10. O-O-O Ne7 11. Bd3 c5 12. dxc5 Nxc5 13. Nd4 a6 14. Qf3 Nc6 15. Qe3 Bd7 16. f5 Qe7 17. Rhf1 Nxd4 18. Qxd4 Qg5+ 19. Rd2 Nxd3+ 20. Qxd3 Ke8 21. Ne4 Qh4 22. Nd6+ Ke7 23. Qa3 Bc6 24. f6+ Kd8 25. Nxf7+ Kc7 26. Nxh8 Rxh8 27. f7 Qxh2 28. f8=Q Rxf8 29. Qxf8 Qxe5 30. Qf4 1-0

[Event "Bahn-chT SW"]
[Site "Friedrichroda"]
[Date "1997.10.27"]
[Round "3.2"]
[White "Kugelmann, Werner"]
[Black "Ilgner, Andreas"]
[Result "1-0"]
[WhiteElo "2103"]
[BlackElo "2074"]
[PlyCount "87"]
[EventDate "1997.10.25"]
[Source "www.chesslib.no"]
[SourceDate "2004.05.04"]

1. d4 d5 2. Nc3 e6 3. e4 Nf6 4. Bg5 Be7 5. Bxf6 Bxf6 6. Nf3 c5 7. e5 Be7 8. dxc5 Bxc5 9. Bd3 Bd7 10. O-O Nc6 11. Qd2 Be7 12. Qf4 O-O 13. Rfe1 Nb4 14. Rad1 f6 15. Qg4 Nxd3 16. Rxd3 f5 17. Qd4 Bc6 18. h4 f4 19. Ne2 Bb5 20. Rb3 Bxe2 21. Rxe2 b6 22. Qa4 Qe8 23. Qa6 Qd7 24. a4 Rfc8 25. a5 bxa5 26. Rb7 Rc7 27. Rxc7 Qxc7 28. Qxe6+ Kh8 29. Qxd5 Rd8 30. Qf7 Rf8 31. Qe6 Rd8 32. Qf7 Rf8 33. Qd5 h6 34. Qe4 Qb6 35. b3 g5 36. hxg5 hxg5 37. e6 Bf6 38. Qg6 Qd6 39. Qh6+ Kg8 40. Qg6+ Kh8 41. e7 Bxe7 42. Re6 Qd1+ 43. Kh2 Qd8 44. Qh5+ 1-0

[Event "Regionalliga SO 9495"]
[Site "Bayern"]
[Date "1994.??.??"]
[Round "3"]
[White "Steinbacher, Thomas"]
[Black "Schweiger, Georg"]
[Result "1/2-1/2"]
[WhiteElo "2070"]
[BlackElo "2100"]
[PlyCount "92"]
[EventDate "1994.10.??"]
[Source "www.chesslib.no"]
[SourceDate "2004.05.04"]

1. d4 d5 2. Nc3 Nf6 3. Bg5 e6 4. e4 Be7 5. e5 Ng8 6. Be3 b6 7. f4 g6 8. Nf3 Nh6 9. Qd2 Nf5 10. Bf2 h5 11. Bd3 Ba6 12. O-O-O Bxd3 13. Qxd3 Nc6 14. h3 h4 15. Ne2 Nb4 16. Qb3 a5 17. Kb1 a4 18. Qc3 Qd7 19. g4 hxg3 20. Nxg3 Nxg3 21. Bxg3 a3 22. b3 Rh5 23. Bf2 Nc6 24. Rdg1 O-O-O 25. Ng5 Kb7 26. Qf3 Rf8 27. Qg4 Bxg5 28. fxg5 Ne7 29. Qf3 Nf5 30. Qg4 Qb5 31. Qf3 Qb4 32. c3 Qe7 33. h4 c6 34. Qf4 Ra8 35. Rc1 b5 36. Rc2 Rah8 37. Rcc1 Ra8 38. Rh3 Rah8 39. Qg4 Rb8 40. Qe2 Rbh8 41. Qg4 Rb8 42. Be1 Qd7 43. Bd2 Rbh8 44. Rch1 Qd8 45. Kc2 Qb6 46. b4 Qa7 1/2-1/2

[Event "Bahn-chT S+W"]
[Site "Friedrichroda"]
[Date "1997.10.26"]
[Round "1.2"]
[White "Kugelmann, Werner"]
[Black "Mueller, Thomas"]
[Result "0-1"]
[WhiteElo "2103"]
[BlackElo "2010"]
[PlyCount "80"]
[EventDate "1997.10.25"]
[Source "www.chesslib.no"]
[SourceDate "2004.05.04"]

1. d4 d5 2. Nc3 Nf6 3. Bg5 e6 4. e4 Be7 5. Bxf6 Bxf6 6. Nf3 a6 7. Qd2 b5 8. Bd3 Bb7 9. e5 Be7 10. Ne2 c5 11. c3 Nc6 12. Rc1 h6 13. h4 Qb6 14. Qf4 g6 15. Kf1 a5 16. Rh3 b4 17. dxc5 Qxc5 18. cxb4 Qxb4 19. Qxb4 Nxb4 20. Bb5+ Kd8 21. a3 Ba6 22. Nfd4 Bxb5 23. Nxb5 Na6 24. Rf3 Rf8 25. Ned4 Rc8 26. Rxc8+ Kxc8 27. g3 Kb7 28. Nd6+ Bxd6 29. exd6 Nc5 30. b4 axb4 31. axb4 Nd7 32. b5 Kb6 33. Rc3 Nc5 34. Ke2 e5 35. Nc6 Kxb5 36. Nxe5 Re8 37. f4 f6 38. d7 Nxd7 39. Rb3+ Kc5 40. Rb7 Nxe5 0-1

[Event "POL-chT U20"]
[Site "Laczna"]
[Date "2002.07.16"]
[Round "2"]
[White "Wojciechowska, Aleksandra"]
[Black "Huchwajda, Katarzyna"]
[Result "1-0"]
[WhiteElo "2034"]
[BlackElo "2071"]
[PlyCount "55"]
[EventDate "2002.07.15"]
[Source "ChessBase"]
[SourceDate "2002.09.11"]

1. d4 Nf6 2. Nc3 e6 3. e4 d5 4. Bg5 Be7 5. Bxf6 Bxf6 6. Nf3 O-O 7. Qd2 b6 8. e5 Be7 9. h4 c5 10. g4 f6 11. g5 fxe5 12. Nxe5 cxd4 13. Nb5 Rf5 14. f4 Bd6 15. Bd3 Rf8 16. g6 hxg6 17. Nxd6 Qxd6 18. h5 Nd7 19. Qh2 g5 20. Ng6 Rf6 21. h6 Rxg6 22. Bxg6 Qxf4 23. Qh5 Ba6 24. Bf7+ Kf8 25. hxg7+ Kxg7 26. Qg6+ Kf8 27. Rh8+ Ke7 28. Qxe6# 1-0

[Event "Bad Bevensen (25.06.-03.07)"]
[Site "?"]
[Date "2005.07.01"]
[Round "7.14"]
[White "Huhn Ulrich"]
[Black "Budt Karl-Heinz"]
[Result "1-0"]
[WhiteElo "1951"]
[BlackElo "2124"]
[PlyCount "92"]
[EventDate "2005.??.??"]
[Source "www.chesslib.no"]
[SourceDate "2004.05.04"]

1. d4 Nf6 2. Nc3 d5 3. Bg5 e6 4. e4 Be7 5. e5 Ne4 6. Bxe7 Qxe7 7. Nxe4 dxe4 8. c3 O-O 9. Qe2 f5 10. exf6 Qxf6 11. g3 e5 12. dxe5 Qxe5 13. Bg2 Bf5 14. Nf3 exf3 15. Qxe5 fxg2 16. Qd5+ Kh8 17. Qxg2 Re8+ 18. Kd2 Nc6 19. Rae1 Rad8+ 20. Kc1 Ne5 21. Rxe5 Rxe5 22. Rd1 Rde8 23. b3 Re2 24. Rd2 Re1+ 25. Kb2 c6 26. Qf3 Bg6 27. h4 R1e5 28. g4 a5 29. h5 Be4 30. Qf7 Bd5 31. Qxb7 a4 32. c4 Bf3 33. Qc7 h6 34. Rd8 axb3 35. Rxe8+ Rxe8 36. Kxb3 Bxg4 37. a4 Re6 38. a5 Rf6 39. a6 c5 40. a7 Bd1+ 41. Kc3 Bf3 42. Qxc5 Kh7 43. Qc8 Bh1 44. a8=Q Bxa8 45. Qxa8 Rxf2 46. Qe4+ Kg8 1-0